00665cam a22001571a 4500082001900000100003800019245012700057260003600184300005300220526003700273650001300310650003600323942001200359999001900371952011700390 a358.18042bMAR1 aMartel, Giffard Le Quesne,95038510aIn the wake of the tank :bthe first fifteen years of mechanization in the British army /cby Lieut.-Col. G. Le Q. Martel. aLondon :bSifton, Praed,c1931. axii, 257 p., [27] p. of plates :bill. ;c22 cm. a0b0c0d358_180420000000000_MAR 0aMCE9379 0aTanks (Military science)946748 2ddccBK c553116d553116 00102ddc4070aMCEbMCEcArchive Sectiond2015-01-29l0o358.18042 MARpMCE-ECI/36r2015-01-29w2015-01-29yBK